Представление документа в формате MARC21

Поле Инд. ПП Название Значение
Тип записи a
Библиографический уровень m
001 Контрольный номер 2aa19a81-a806-4134-93ca-067724f4d023
005 Дата корректировки 20140226235453.4
008 Кодируемые данные 020620
020 a ISBN 5-299-00151-7
c Цена, тираж 89.00
040 a Служба первич. каталог. НБ ТвГУ
041 a Код языка текста rus
080 a Индекс УДК 53(075.8)
084 a Индекс другой классификации/Индекс ББК В3я731-1
090 x Авторский знак В71
a Полочн. индекс В3
100 1_ a Автор Волькенштейн Валентина Сергеевна
245 10 a Заглавие Сборник задач по общему курсу физики
b Продолж. заглавия Для студентов техн. вузов
c Ответственность В. С. Волькенштейн
250 b Дополнительные сведения об издании Изд. доп. и перераб.
260 0_ a Место издания СПб.
b Издательство СпецЛит
c Дата издания 2001
300 a Объем 327 с.
b Иллюстрации/ тип воспроизводства табл.
583 a Действие Получение впервые 256 20.06.2002
k Исполнитель действия ООО "Книжный мир"
650 a Основная рубрика Физика
x Основная подрубрика Учебники для вузов
x Основная подрубрика Задачи
653 a Ключевые слова Физика
a Ключевые слова Общая физика
a Ключевые слова Задачи
700 1_ a Другие авторы Чариков Ю. Е.
e Роль лиц подгот.
700 1_ a Другие авторы Погарский М. А.
e Роль лиц подгот.
852 t Порядковый номер экземпляра 3
p Инвентарный номер 747816
p Инвентарный номер 747818
p Инвентарный номер 747817
888 a За счет средств университета
930 a Новая/Ретро учебники
952 p 256.2002 89.00 1 747816
p 256.2002 89.00 1 747817
p 256.2002 89.00 1 747818
c Вид литературы К ру
954 a Дата поступления на обработку 20020624
999 a Подразделение 2 Фил3